000 00620nam a2200181Ia 4500
008 151202s9999||||xx |||||||||||||| ||und||
082 _bPNVM-46045
100 _aवेलणकर वि.रा.
245 _aजगात वागावे कसे ?.
260 _b"पुणे विद्यार्थी गृह,पुणे."
260 _c2004
300 _a302
600 _aवेलणकर वि.रा.
630 _aजगात वागावे कसे ?.
700 _aवेलणकर वि.रा.
730 _aजगात वागावे कसे ?.
942 _cBOOK
999 _c1311995
_d1311992